El villano en su rincón

Guardat en:
Dades bibliogràfiques
Autor principal: Vega Carpio, Lope Félix de la
Format: Llibre
Idioma:Undetermined
Publicat: Madrid, España Gredos 1961
Matèries:
Etiquetes: Afegir etiqueta
Sense etiquetes, Sigues el primer a etiquetar aquest registre!

MARC

LEADER 00000nam a2200000Ia 4500
008 170316s9999 xx 000 0 und d
090 |a 862 V-15v 
100 |a Vega Carpio, Lope Félix de la 
245 |a El villano en su rincón 
260 |a Madrid, España 
260 |b Gredos 
260 |c 1961 
300 |a 170 páginas 
650 |a LITERATURA ESPAÑOLA 
999 |c 25941  |d 25941 
040 |a cru BVZT 
942 |c 15 D  |h 862 V-15v  |2 z